<?xml version="1.0" encoding="UTF-8"?><?xml-stylesheet type="text/xsl" href="static/style.xsl"?><OAI-PMH xmlns="http://www.openarchives.org/OAI/2.0/" xmlns:xsi="http://www.w3.org/2001/XMLSchema-instance" xsi:schemaLocation="http://www.openarchives.org/OAI/2.0/ http://www.openarchives.org/OAI/2.0/OAI-PMH.xsd"><responseDate>2026-06-29T02:34:13Z</responseDate><request verb="GetRecord" identifier="oai:docta.ucm.es:20.500.14352/124139" metadataPrefix="marc">https://docta.ucm.es/rest/oai/request</request><GetRecord><record><header><identifier>oai:docta.ucm.es:20.500.14352/124139</identifier><datestamp>2025-09-19T23:45:28Z</datestamp><setSpec>com_20.500.14352_14</setSpec><setSpec>col_20.500.14352_15</setSpec></header><metadata><record xmlns="http://www.loc.gov/MARC21/slim" xmlns:dcterms="http://purl.org/dc/terms/" xmlns:xsi="http://www.w3.org/2001/XMLSchema-instance" xmlns:doc="http://www.lyncode.com/xoai" xsi:schemaLocation="http://www.loc.gov/MARC21/slim http://www.loc.gov/standards/marcxml/schema/MARC21slim.xsd">
   <leader>00925njm 22002777a 4500</leader>
   <datafield ind2=" " ind1=" " tag="042">
      <subfield code="a">dc</subfield>
   </datafield>
   <datafield ind2=" " ind1=" " tag="720">
      <subfield code="a">Mohedano Sánchez, Marta</subfield>
      <subfield code="e">author</subfield>
   </datafield>
   <datafield ind2=" " ind1=" " tag="720">
      <subfield code="a">Matykina, Endzhe</subfield>
      <subfield code="e">author</subfield>
   </datafield>
   <datafield ind2=" " ind1=" " tag="720">
      <subfield code="a">Arrabal Durán, Raúl</subfield>
      <subfield code="e">author</subfield>
   </datafield>
   <datafield ind2=" " ind1=" " tag="720">
      <subfield code="a">Merino Casals, María Concepción</subfield>
      <subfield code="e">author</subfield>
   </datafield>
   <datafield ind2=" " ind1=" " tag="260">
      <subfield code="c">2014</subfield>
   </datafield>
   <datafield ind2=" " ind1=" " tag="520">
      <subfield code="a">Objectives
Two types of ceramic coatings on commercially pure titanium for dental implant applications with different Ca/P ratios in the range from 1.5 to 4.0, and two different thicknesses (∼5 and ∼15 μm) were examined with the aim of underpinning the effect of coating composition, thickness and microstructure on the corrosion behavior and hydroxyapatite forming ability in SBF.
Methods
Bioactive coatings were formed on Ti by plasma electrolytic oxidation (PEO). The composition, structure, and morphology of the materials were characterized before and after the immersion in simulated body fluid solution (SBF) at 37 °C for up to 4 weeks. All the materials were screened with respect to metal ion release into SBF.
Results
Only thick PEO coating with overstoichiometric Ca/P ratio of 4.0 exhibited capacity to induce the precipitation of hydroxyapatite over the short period of 1 week. Long term Ti4+ ion release from all PEO-coated materials was 2–3 times lower than from the uncoated Ti. Metal ion release is attributed mostly to chemical dissolution of the coating at initial stages of immersion.
Significance
The long term stability was greater for thin PEO coating with overstoichiometric Ca/P ratio of 2.0, which exhibited ∼95 ng cm−2 of Ti4+ ions release over 4 weeks. Thin PEO coatings present economically more viable option.</subfield>
   </datafield>
   <datafield ind1="8" ind2=" " tag="024">
      <subfield code="a">M. Mohedano, E. Matykina, R. Arrabal, A. Pardo, M.C. Merino, Metal release from ceramic coatings for dental implants, Dental Materials, Volume 30, Issue 3, 2014, Pages e28-e40, ISSN 0109-5641, https://doi.org/10.1016/j.dental.2013.12.011.</subfield>
   </datafield>
   <datafield ind1="8" ind2=" " tag="024">
      <subfield code="a">10.1016/j.dental.2013.12.011</subfield>
   </datafield>
   <datafield ind1="8" ind2=" " tag="024">
      <subfield code="a">https://hdl.handle.net/20.500.14352/124139</subfield>
   </datafield>
   <datafield ind1="8" ind2=" " tag="024">
      <subfield code="a">https://doi.org/10.1016/j.dental.2013.12.011</subfield>
   </datafield>
   <datafield ind1="8" ind2=" " tag="024">
      <subfield code="a">https://www.sciencedirect.com/science/article/pii/S010956411300523X?via%3Dihub</subfield>
   </datafield>
   <datafield ind2="0" ind1="0" tag="245">
      <subfield code="a">Metal release from ceramic coatings for dental implants</subfield>
   </datafield>
</record></metadata></record></GetRecord></OAI-PMH>